000 00338nam a22001457a 4500
005 20231103123945.0
008 231103b |||||||| |||| 00| 0 eng d
041 _aeng
082 _a622.14
100 _aUNIVERSAL MINING SCHOOL
_98222
245 _aMINE SURVEYING [VOL-3]
260 _aGT.BRITAIN
_bU.M.S
300 _a553;p
942 _cBK
999 _c8445
_d8443